Časová konzistencia politiky v monetárnej ekonomike
Informácia o cieľoch a štruktúre dizertačnej práce, ktorej obhajoba sa konala 22.6. 2006.
Enregistré dans:
| Auteur principal: | |
|---|---|
| Format: | Chapitre de livre |
| Langue: | slovaque |
| Sujets: | |
| Tags: |
Pas de tags, Soyez le premier à ajouter un tag!
|
MARC
| LEADER | 00000naa$a2200000$$$4500 | ||
|---|---|---|---|
| 001 | 0060917 | ||
| 005 | 20240502071658.8 | ||
| 041 | 0 | |a slo | |
| 044 | |a SK | ||
| 245 | 1 | 0 | |a Časová konzistencia politiky v monetárnej ekonomike |c Karol Szomolányi |
| 520 | |a Informácia o cieľoch a štruktúre dizertačnej práce, ktorej obhajoba sa konala 22.6. 2006. | ||
| 610 | 2 | 0 | |a práce kvalifikačné |
| 610 | 2 | 0 | |a politika peňažná |
| 610 | 2 | 0 | |a monetarizmus |
| 610 | 2 | 0 | |a politika hospodárska |
| 100 | 1 | |a Szomolányi, Karol, 1976- | |